000
00262nam a2200121Ia 4500
008
221030s9999 xx 000 0 und d
041
_a
English
082
_a
105.23
_b
MCA
245
0
_a
Java TM How To Program
_b
CD
260
_c
2008
650
_a
Book
942
_c
CD
999
_c
3000
_d
3000